Les puissances de 4 en 1 minute - Statistiques

Statistiques générales
  • Ce quiz a été pris 81 fois
  • Le résultat moyen est 5 sur 10
Statistiques - réponses
Réponse % Correct
4
100%
16
99%
64
80%
256
68%
1 024
64%
4 096
58%
16 384
33%
65 536
12%
262 144
7%
1 048 576
6%
Aucun quiz correspondant
Distribution des résultats
% des personnes avec chaque résultat
Percentile par nombre de réponses
Votre historique - résultats
Vous n’avez pas pris ce quiz